000
00236nam a22001217a 4500
003
SGT
082
_a
823
_b
DAH
100
_a
DAHL ROALD
245
_a
THE WITCHES
260
_a
UK
_b
PUFFIN PUB
_c
2016
300
_a
199
942
_2
ddc
_c
BK
999
_c
34012
_d
34012